[Event "56th TCh-DEN Ex 2017-18"]
[Site "Denmark DEN"]
[Date "2017.12.03"]
[Round "3.2"]
[Board "8"]
[White "Munk, Kai"]
[Black "Klitgaard, Thomas"]
[Result "1/2-1/2"]
[WhiteElo "2003"]
[BlackElo "2195"]
[WhiteTeam "Nordea Skanderborg"]
[BlackTeam "Nordre"]
[WhiteFideId "1406949"]
[BlackFideId "1408267"]
[EventDate "2017.11.18"]

1. d4 Nf6 2. Nf3 g6 3. Bf4 Bg7 4. e3 O-O 5. Bc4 c5 6. c3 b6 7. O-O d6 8. h3 Qc7
9. Na3 a6 10. Qe2 Bb7 11. Rac1 Nbd7 12. Rfd1 b5 13. Bd3 Rac8 14. e4 Qb8 15. Bb1
Qa8 16. d5 Nb6 17. Nc2 Na4 18. Nce1 b4 19. Qc2 Nb6 20. c4 Nfd7 21. b3 Qb8 22.
Qd2 Rfe8 23. Bg3 1/2-1/2

[Event "56th TCh-DEN Ex 2017-18"]
[Site "Denmark DEN"]
[Date "2017.12.03"]
[Round "3.3"]
[Board "1"]
[White "Lindgren, Philip"]
[Black "Hansen, Sune Berg"]
[Result "1/2-1/2"]
[WhiteTitle "IM"]
[BlackTitle "GM"]
[WhiteElo "2382"]
[BlackElo "2580"]
[WhiteTeam "BMS"]
[BlackTeam "Hillerod"]
[WhiteFideId "1713230"]
[BlackFideId "1400266"]
[EventDate "2017.11.18"]

1. d4 Nf6 2. c4 e6 3. Nf3 d5 4. g3 Bb4+ 5. Bd2 Bd6 6. Nc3 O-O 7. Bg2 Nbd7 8. b3
c6 9. O-O b6 10. e4 dxe4 11. Ng5 Bb7 12. Ngxe4 Be7 13. Be3 Nxe4 14. Nxe4 Nf6 15.
Rc1 Qd7 16. Qf3 Rfd8 17. Rfd1 Rac8 18. h4 Qe8 19. Nxf6+ Bxf6 20. h5 Qe7 21. h6
g6 22. c5 b5 23. Qe4 Rd7 24. Rd2 a5 25. f4 Re8 26. Bf3 Bh8 27. Kg2 Qf8 28. Rh1
Red8 29. Bf2 Qe7 30. g4 Bf6 31. Rhd1 Qf8 32. g5 Bh8 33. Bg4 Qe7 34. Re2 Rd5 35.
Red2 Bc8 36. Qe3 Bb7 37. Bf3 R5d7 38. a3 Re8 39. Re1 Qd8 40. Red1 Ree7 41. Be4
Re8 42. Rd3 Qa8 43. Bf3 Qd8 44. Qd2 Ba8 45. Be1 Ra7 46. Qe2 a4 47. b4 Rd7 48.
Bc3 Bb7 49. Bb2 Qe7 50. Kf2 Red8 51. Ke1 Rd5 52. Bxd5 Rxd5 53. Kd2 Bc8 54. Kc1
Qd8 55. Bc3 Qf8 56. Qe3 f5 57. Kb2 1/2-1/2

[Event "56th TCh-DEN Ex 2017-18"]
[Site "Denmark DEN"]
[Date "2017.12.03"]
[Round "3.3"]
[Board "2"]
[White "Schandorff, Lars"]
[Black "Haubro, Martin"]
[Result "1/2-1/2"]
[WhiteTitle "GM"]
[BlackTitle "IM"]
[WhiteElo "2490"]
[BlackElo "2297"]
[WhiteTeam "Hillerod"]
[BlackTeam "BMS"]
[WhiteFideId "1400070"]
[BlackFideId "1414291"]
[EventDate "2017.11.18"]

1. d4 Nf6 2. Nf3 e6 3. c4 Bb4+ 4. Bd2 c5 5. Bxb4 cxb4 6. e3 O-O 7. Be2 d6 8. O-O
a5 9. a3 Na6 10. Ne1 e5 11. Nc2 b3 12. Ne1 a4 13. Nc3 Qa5 14. Nb5 Rd8 15. Nf3
Bg4 16. Rc1 Nc7 17. Nc3 Ne6 18. h3 Bxf3 19. Bxf3 exd4 20. exd4 Qb6 21. Re1 Re8
22. Re3 Nxd4 23. Bxb7 Nc2 24. Bxa8 Nxe3 25. Qd3 Rxa8 26. Qxe3 Qxe3 27. fxe3 Kf8
28. Kf2 Nd7 29. Rd1 Ra6 30. Rd4 Nc5 31. Ke2 Ke7 32. Nd5+ Kd7 33. Rf4 f6 34. Rg4
Ne6 35. Nf4 f5 36. Rg3 g6 37. Nxe6 Kxe6 38. Kd3 Ke5 39. Kc3 Ke4 40. Rf3 Ra8 41.
h4 h6 42. Kb4 g5 43. hxg5 hxg5 44. Rf1 g4 45. Rf4+ Kxe3 46. Rxf5 Kd2 47. Rf2+
Kc1 48. g3 Kb1 49. Rd2 Ka2 50. Kb5 Rc8 51. Kb4 Rc7 52. Kb5 Rc8 1/2-1/2

[Event "56th TCh-DEN Ex 2017-18"]
[Site "Denmark DEN"]
[Date "2017.12.03"]
[Round "3.3"]
[Board "3"]
[White "Rostgaard, Tobias Valentin"]
[Black "Borge, Nikolaj"]
[Result "0-1"]
[WhiteTitle "FM"]
[BlackTitle "IM"]
[WhiteElo "2335"]
[BlackElo "2392"]
[WhiteTeam "BMS"]
[BlackTeam "Hillerod"]
[WhiteFideId "1408801"]
[BlackFideId "1400312"]
[EventDate "2017.11.18"]

1. d4 d6 2. e4 Nf6 3. Nc3 e5 4. Nge2 Be7 5. h3 exd4 6. Nxd4 O-O 7. Be3 d5 8. e5
Ne8 9. Nb3 c6 10. Qd2 Nd7 11. f4 a5 12. O-O-O a4 13. Nd4 Bb4 14. a3 Ba5 15. Qf2
c5 16. Nxd5 cxd4 17. Bxd4 Nc7 18. c4 b5 19. Qg3 Nxd5 20. cxd5 Nc5 21. e6 Nb3+
22. Kb1 Nxd4 23. Rxd4 Bxe6 24. Bxb5 0-1

[Event "56th TCh-DEN Ex 2017-18"]
[Site "Denmark DEN"]
[Date "2017.12.03"]
[Round "3.3"]
[Board "4"]
[White "Stojanovski, Sandi"]
[Black "Seegert, Kristian"]
[Result "0-1"]
[WhiteTitle "FM"]
[WhiteElo "2270"]
[BlackElo "2241"]
[WhiteTeam "Hillerod"]
[BlackTeam "BMS"]
[WhiteFideId "1403249"]
[BlackFideId "1405098"]
[EventDate "2017.11.18"]

1. c4 e5 2. g3 Nc6 3. Nc3 Bc5 4. Bg2 a6 5. Nf3 d6 6. O-O Nf6 7. d3 h6 8. a3 O-O
9. b4 Ba7 10. e3 Be6 11. Bb2 e4 12. Ne1 exd3 13. Nd5 Ne5 14. Nxd3 Nfd7 15. Nxe5
Nxe5 16. Qc2 c6 17. Nf4 Bxc4 18. Rfd1 Qe7 19. Nh5 d5 20. Kh1 Qg5 21. Nxg7 Qxg7
22. f4 f6 23. fxe5 fxe5 24. Qc3 Rf2 25. Rd2 Raf8 26. Rad1 b5 27. Rxf2 Rxf2 28.
Rd2 Qf6 29. Kg1 Rf1+ 0-1

[Event "56th TCh-DEN Ex 2017-18"]
[Site "Denmark DEN"]
[Date "2017.12.03"]
[Round "3.3"]
[Board "5"]
[White "Pedersen, Nicolai Kvist Brondt"]
[Black "Ostergaard, Jens"]
[Result "1/2-1/2"]
[BlackTitle "FM"]
[WhiteElo "2180"]
[BlackElo "2220"]
[WhiteTeam "BMS"]
[BlackTeam "Hillerod"]
[WhiteFideId "1413848"]
[BlackFideId "1400606"]
[EventDate "2017.11.18"]

1. d4 Nf6 2. c4 e6 3. g3 d5 4. Nf3 Bb4+ 5. Bd2 Bd6 6. Bg2 O-O 7. O-O c6 8. Nc3
b6 9. Qc2 Ba6 10. cxd5 cxd5 11. Rfc1 Qe7 12. Bg5 Bb4 13. e4 Bxc3 14. bxc3 dxe4
15. Qxe4 Bb7 16. Bxf6 gxf6 17. Qg4+ Kh8 18. c4 Nd7 19. Re1 Bxf3 20. Qxf3 Rac8
21. Rac1 Qd6 22. Qe3 Qb4 23. Bf1 Qd6 24. Red1 Rg8 25. c5 Qd5 26. Bg2 Qg5 27. f4
Qh5 28. c6 Nf8 29. c7 Nd7 30. Bb7 Qa5 31. Bxc8 Rxc8 32. Qc3 Qxa2 33. Ra1 Qd5 34.
Rxa7 b5 35. Ra6 b4 36. Qc6 Qb3 37. Re1 Qd3 38. Ra8 Qxd4+ 39. Kh1 Nb6 40. Rxc8+
Nxc8 41. Qe4 Qc3 42. Rb1 Qxc7 43. Qxb4 Kg7 44. Qe4 Nd6 45. Qf3 Qc2 46. Rb8 f5
47. Qa3 Qd1+ 48. Kg2 Qe2+ 49. Kg1 Qe1+ 50. Kg2 1/2-1/2

[Event "56th TCh-DEN Ex 2017-18"]
[Site "Denmark DEN"]
[Date "2017.12.03"]
[Round "3.3"]
[Board "6"]
[White "Jaksland, Tim"]
[Black "Jacobsen, Mikkel Manosri"]
[Result "1/2-1/2"]
[WhiteTitle "FM"]
[BlackTitle "FM"]
[WhiteElo "2168"]
[BlackElo "2162"]
[WhiteTeam "Hillerod"]
[BlackTeam "BMS"]
[WhiteFideId "1401084"]
[BlackFideId "1444514"]
[EventDate "2017.11.18"]

1. c4 c5 2. Nc3 Nc6 3. g3 g6 4. Bg2 Bg7 5. a3 e6 6. b4 d6 7. bxc5 dxc5 8. Bxc6+
bxc6 9. Nf3 Ne7 10. Rb1 e5 11. Ne4 f5 12. Nxc5 O-O 13. Qa4 e4 14. Ng5 Qd6 15.
Nb7 Qd7 16. Nc5 Qd6 17. Nb7 Qd7 18. Nc5 Qd6 19. Nb7 Qd7 20. Nc5 Qd6 1/2-1/2

[Event "56th TCh-DEN Ex 2017-18"]
[Site "Denmark DEN"]
[Date "2017.12.03"]
[Round "3.3"]
[Board "7"]
[White "Nielsen, Thomas Bach2"]
[Black "Svenninggaard, Thomas"]
[Result "1-0"]
[WhiteElo "2146"]
[BlackElo "2177"]
[WhiteTeam "BMS"]
[BlackTeam "Hillerod"]
[WhiteFideId "1401785"]
[BlackFideId "1406302"]
[EventDate "2017.11.18"]

1. f4 c5 2. Nf3 Nc6 3. g3 g6 4. Bg2 Bg7 5. O-O Nf6 6. d3 d5 7. Qe1 Nd4 8. Na3
Nxf3+ 9. Rxf3 h5 10. e4 h4 11. gxh4 Bg4 12. Rf1 Qd7 13. e5 Nh5 14. c4 e6 15. Nb5
Bf8 16. Qa5 b6 17. Qa4 Ke7 18. cxd5 exd5 19. f5 Bxf5 20. Bg5+ f6 21. exf6+ Kf7
22. Nc7 Qxc7 23. Bxd5+ Be6 24. Bxe6+ Kxe6 25. Qe4+ Kd7 26. Qxa8 Bd6 27. Qxh8
Bxh2+ 28. Kh1 Qg3 29. Rae1 Kc6 30. Qe8+ Kd5 31. Qd7+ 1-0

[Event "56th TCh-DEN Ex 2017-18"]
[Site "Denmark DEN"]
[Date "2017.12.03"]
[Round "3.3"]
[Board "8"]
[White "Erlandsen, Carsten"]
[Black "Vesterli, Michael E."]
[Result "0-1"]
[WhiteElo "2067"]
[BlackElo "2095"]
[WhiteTeam "Hillerod"]
[BlackTeam "BMS"]
[WhiteFideId "1402536"]
[BlackFideId "1417339"]
[EventDate "2017.11.18"]

1. d4 Nf6 2. c4 g6 3. Nc3 Bg7 4. e4 d6 5. Be2 O-O 6. Be3 e5 7. d5 Nbd7 8. Qd2
Nc5 9. f3 a5 10. g4 Ne8 11. O-O-O f5 12. Nh3 fxg4 13. fxg4 Qh4 14. Nf2 Rxf2 15.
Bxf2 Qxf2 16. g5 Qh4 17. Rhf1 Nxe4 18. Nxe4 Qxe4 19. Bd3 Qd4 20. Rde1 c6 21. Qf2
Qxf2 22. Rxf2 cxd5 23. cxd5 Nc7 24. Rc2 Nxd5 25. Bc4 Be6 26. Rd1 Nf4 27. Rxd6
Bxc4 28. Rxc4 Re8 29. Rc7 e4 30. Rdd7 Bf8 31. Kd1 e3 32. Ke1 Bb4+ 33. Kf1 e2+ 0-1

[Event "56th TCh-DEN Ex 2017-18"]
[Site "Denmark DEN"]
[Date "2017.12.17"]
[Round "4.1"]
[Board "1"]
[White "Svane, Rasmus"]
[Black "Schwarz, Frank"]
[Result "1-0"]
[WhiteTitle "GM"]
[WhiteElo "2587"]
[BlackElo "2237"]
[WhiteTeam "Nordea Skanderborg"]
[BlackTeam "BOV"]
[WhiteFideId "4657101"]
[BlackFideId "4658035"]
[EventDate "2017.11.18"]

1. d4 Nf6 2. c4 g6 3. Nc3 Bg7 4. e4 d6 5. h3 O-O 6. Be3 c5 7. Nf3 Nc6 8. d5 Na5
9. Be2 a6 10. Nd2 e6 11. a4 exd5 12. cxd5 Re8 13. O-O b6 14. Qb1 Nd7 15. Rc1 Bd4
16. Nd1 Qf6 17. Ra3 Bxe3 18. Nxe3 Qd4 19. Rd1 Qf6 20. Rf1 Ra7 21. Qc2 Qe7 22.
Raa1 Nf6 23. Bf3 Rc7 24. b3 Nd7 25. Rae1 Nb7 26. Be2 Nd8 27. f4 f6 28. Bd3 Nf7
29. e5 dxe5 30. Bxg6 Nf8 31. Bxf7+ Qxf7 32. Ne4 Qg6 33. fxe5 Rxe5 34. Nxf6+ Kh8
35. Qc3 Rce7 36. d6 R7e6 37. Nfg4 1-0

[Event "56th TCh-DEN Ex 2017-18"]
[Site "Denmark DEN"]
[Date "2017.12.17"]
[Round "4.1"]
[Board "2"]
[White "Reinecker, Kai"]
[Black "Andersen, Mads"]
[Result "0-1"]
[BlackTitle "GM"]
[WhiteElo "2254"]
[BlackElo "2594"]
[WhiteTeam "BOV"]
[BlackTeam "Nordea Skanderborg"]
[WhiteFideId "4663390"]
[BlackFideId "1413864"]
[EventDate "2017.11.18"]

1. e4 c5 2. c3 Nf6 3. e5 Nd5 4. d4 cxd4 5. cxd4 d6 6. Nf3 Nc6 7. Nc3 dxe5 8.
dxe5 Nxc3 9. Qxd8+ Kxd8 10. bxc3 Bg4 11. Bf4 Bxf3 12. gxf3 e6 13. Rb1 Kc7 14.
Bd3 g6 15. Bg5 Bg7 16. f4 h6 17. Bh4 g5 18. fxg5 Bxe5 19. Ke2 Bxc3 20. Bg3+ e5
21. Rhc1 Bd4 22. Rb4 Kd6 23. Rxb7 hxg5 24. Rxf7 Raf8 25. Rxf8 Rxf8 26. Be4 Ne7
27. Rc4 Ke6 28. Rc7 Bb6 29. Rc4 Bd4 30. Rc7 Bb6 31. Rc4 Nf5 32. Rc6+ Kd7 33.
Bxe5 Re8 34. Rxb6 axb6 35. Bxf5+ Kd8 36. Kf3 Rxe5 37. Bd3 Ke7 38. Kg4 Ra5 39.
Bb1 Kf6 40. f3 Rb5 41. Be4 Ra5 42. f4 Ra4 43. fxg5+ Ke5 44. g6 Rxe4+ 45. Kg5 Re2
46. h4 Rxa2 47. h5 Rg2+ 48. Kh6 Kf6 0-1

[Event "56th TCh-DEN Ex 2017-18"]
[Site "Denmark DEN"]
[Date "2017.12.17"]
[Round "4.1"]
[Board "3"]
[White "Ochsner, Bjorn Moller"]
[Black "Light, Bjarne"]
[Result "1-0"]
[WhiteTitle "IM"]
[WhiteElo "2459"]
[BlackElo "2234"]
[WhiteTeam "Nordea Skanderborg"]
[BlackTeam "BOV"]
[WhiteFideId "1416928"]
[BlackFideId "1401360"]
[EventDate "2017.11.18"]

1. e4 c5 2. Nf3 Nc6 3. Bb5 g6 4. Bxc6 bxc6 5. d4 Bg7 6. dxc5 Qa5+ 7. Nbd2 Qxc5
8. O-O Nf6 9. Nb3 Qb6 10. e5 Ng4 11. Bf4 f6 12. exf6 Nxf6 13. Re1 O-O 14. Rxe7
Ng4 15. Bg3 d5 16. h3 Nf6 17. Qe1 Ne4 18. Bc7 Qa6 19. Nc5 Nxc5 20. Rxg7+ Kxg7
21. Qe7+ Rf7 22. Be5+ Kg8 23. Qxc5 Qb6 24. Qc3 c5 25. Ng5 Rf5 26. f4 Ba6 27. Qg3
Re8 28. Kh2 Qb7 29. Re1 Qd7 30. Qc3 Rxg5 31. fxg5 Qf7 32. Kg1 Qf5 33. Bf6 Rxe1+
34. Qxe1 Qd7 35. Qe5 Bc8 36. Be7 Qf5 37. Qc7 c4 38. Qd8+ Kf7 39. Qf8+ Ke6 40.
Qxc8+ Kxe7 41. Qxf5 gxf5 42. h4 d4 43. Kf2 Ke6 44. b3 cxb3 45. axb3 f4 46. Kf3
Kf5 47. b4 a6 48. g4+ fxg3 49. Kxg3 Ke4 50. h5 Ke3 51. g6 hxg6 52. hxg6 Kd2 53.
g7 Kxc2 54. g8=Q d3 55. Qc4+ 1-0

[Event "56th TCh-DEN Ex 2017-18"]
[Site "Denmark DEN"]
[Date "2017.12.17"]
[Round "4.1"]
[Board "4"]
[White "Junge, Kai"]
[Black "Pedersen, Nicolai Vesterbaek"]
[Result "0-1"]
[BlackTitle "IM"]
[WhiteElo "2212"]
[BlackElo "2392"]
[WhiteTeam "BOV"]
[BlackTeam "Nordea Skanderborg"]
[WhiteFideId "4605454"]
[BlackFideId "1402340"]
[EventDate "2017.11.18"]

1. Nf3 Nf6 2. g3 d5 3. Bg2 g6 4. O-O Bg7 5. d4 O-O 6. Nbd2 c6 7. c4 a5 8. Re1
Bf5 9. Qb3 Ra7 10. e3 a4 11. Qa3 b5 12. cxb5 cxb5 13. Ne5 Qb6 14. Nd3 Rc8 15.
Nb4 e6 16. e4 dxe4 17. Nxe4 Nxe4 18. Bxe4 Bf8 19. Bxf5 gxf5 20. Qe3 Bxb4 21.
Qg5+ Kf8 22. Qf6 Ke8 23. d5 Bxe1 24. Be3 Qd8 25. Qh8+ Kd7 26. dxe6+ Kxe6 27.
Qxh7 Rd7 28. Rxe1 Rd1 29. Qh6+ f6 30. Bd2+ Rxe1+ 31. Bxe1 Qd1 32. Qe3+ Kf7 33.
Kg2 Re8 34. Qa7+ Qd7 35. Qa5 Qd5+ 36. Kg1 Nc6 37. Qc3 Nd4 0-1

[Event "56th TCh-DEN Ex 2017-18"]
[Site "Denmark DEN"]
[Date "2017.12.17"]
[Round "4.1"]
[Board "5"]
[White "Hansen, Mads"]
[Black "Schuette, Andreas"]
[Result "1-0"]
[WhiteTitle "IM"]
[WhiteElo "2387"]
[BlackElo "2152"]
[WhiteTeam "Nordea Skanderborg"]
[BlackTeam "BOV"]
[WhiteFideId "1401610"]
[BlackFideId "4639790"]
[EventDate "2017.11.18"]

1. e4 d5 2. exd5 Qxd5 3. Nc3 Qd6 4. d4 Nf6 5. Nf3 c6 6. Ne5 Nbd7 7. Nc4 Qc7 8.
Qf3 Nb6 9. Ne5 Be6 10. Bf4 Qd8 11. O-O-O Nbd5 12. Be2 g6 13. Nxd5 Bxd5 14. Qg3
Qa5 15. c4 Be4 16. Qb3 Qb6 17. f3 Qxb3 18. axb3 Bf5 19. g4 Bc8 20. Be3 Bg7 21.
f4 O-O 22. h4 Nd7 23. Nd3 Nf6 24. Rhg1 Rd8 25. Bf3 Ne8 26. Nc5 Nc7 27. f5 Ne8
28. d5 cxd5 29. Bxd5 Nd6 30. fxg6 hxg6 31. h5 gxh5 32. gxh5 Kh8 33. Bf4 Bf5 34.
Nxb7 Nxb7 35. Bxb7 Rab8 36. Rxd8+ Rxd8 37. Re1 e6 38. c5 f6 39. c6 e5 40. Be3
Rd5 41. c7 Ra5 42. c8=Q+ Bxc8 43. Bxc8 Bf8 44. Kc2 Bc5 45. Bd2 Rb5 46. Bf5 Bf2
47. Re4 1-0

[Event "56th TCh-DEN Ex 2017-18"]
[Site "Denmark DEN"]
[Date "2017.12.17"]
[Round "4.1"]
[Board "6"]
[White "Hertel, Peter"]
[Black "Andersen, Jackie"]
[Result "0-1"]
[WhiteTitle "FM"]
[WhiteElo "2195"]
[BlackElo "2388"]
[WhiteTeam "BOV"]
[BlackTeam "Nordea Skanderborg"]
[WhiteFideId "4622740"]
[BlackFideId "1402650"]
[EventDate "2017.11.18"]

1. e4 g6 2. d4 Bg7 3. c4 d6 4. Nc3 Nd7 5. Be3 e5 6. d5 a6 7. Bd3 Ne7 8. b4 O-O
9. Qd2 a5 10. bxa5 f5 11. f3 Rxa5 12. Nge2 c5 13. dxc6 bxc6 14. Bc2 Nc5 15. Rd1
Nb7 16. c5 Nxc5 17. Qxd6 Qxd6 18. Rxd6 Ba6 19. Bg5 Kf7 20. Bxe7 Kxe7 21. Rxc6
Kd7 22. Rb6 Bc4 23. Rb4 Bd3 24. Ba4+ Kc8 25. exf5 gxf5 26. Kf2 Rd8 27. Rc1 Bf8
28. Nb5 Kd7 29. Rd1 Ke6 30. Bb3+ Kf6 31. Nbc3 Kg7 32. Nd5 Ba6 33. Bc4 Ne6 34.
Bxa6 Bxb4 35. Rb1 Bc5+ 0-1

[Event "56th TCh-DEN Ex 2017-18"]
[Site "Denmark DEN"]
[Date "2017.12.17"]
[Round "4.1"]
[Board "7"]
[White "Grove, Peter"]
[Black "Klawitter, Harald"]
[Result "1-0"]
[WhiteElo "2190"]
[BlackElo "2125"]
[WhiteTeam "Nordea Skanderborg"]
[BlackTeam "BOV"]
[WhiteFideId "1411101"]
[BlackFideId "4690486"]
[EventDate "2017.11.18"]

1. e4 c5 2. d3 Nc6 3. g3 g6 4. Bg2 Bg7 5. f4 e6 6. Nf3 Nge7 7. O-O d6 8. c3 Rb8
9. Be3 O-O 10. a4 b6 11. Na3 d5 12. e5 d4 13. cxd4 Nf5 14. Bf2 Nfxd4 15. Nb5 Nf5
16. g4 Nfe7 17. d4 Nd5 18. Qc1 a6 19. Nd6 Nxd4 20. Nxd4 cxd4 21. Bxd4 Bd7 22. g5
Qe7 23. Qe1 Rfc8 24. Nxc8 Rxc8 25. Bxd5 exd5 26. Rc1 Rc4 27. Bxb6 Qe6 28. a5
Qg4+ 29. Qg3 Qe2 30. Rxc4 Qxc4 31. Qc3 Qe4 32. Qd4 Qe2 33. Qf2 Qg4+ 34. Qg2 Qe6
35. Rc1 Bf8 36. Bd4 Bb5 37. Qf3 Bb4 38. Bc5 Bxa5 39. Bd6 Bb6+ 40. Kg2 h5 41.
gxh6 Qf5 42. h7+ Kxh7 43. Qh3+ Qxh3+ 44. Kxh3 Be3 45. Rc7 Kg8 46. Kg3 Bd2 47.
Be7 d4 48. Rc8+ Kh7 49. Bf6 g5 50. f5 1-0

[Event "56th TCh-DEN Ex 2017-18"]
[Site "Denmark DEN"]
[Date "2017.12.17"]
[Round "4.1"]
[Board "8"]
[White "Wolter, Jens"]
[Black "Pedersen, Jan Soe"]
[Result "1-0"]
[WhiteElo "2152"]
[BlackElo "1866"]
[WhiteTeam "BOV"]
[BlackTeam "Nordea Skanderborg"]
[WhiteFideId "4698185"]
[BlackFideId "1424173"]
[EventDate "2017.11.18"]

1. e4 e5 2. Nf3 Nc6 3. Bb5 a6 4. Bxc6 dxc6 5. O-O Qd6 6. Na3 Be6 7. Qe2 f6 8. c3
O-O-O 9. d4 Bg4 10. dxe5 fxe5 11. Bg5 Be7 12. Rad1 Qe6 13. Rxd8+ Kxd8 14. Qe3 h6
15. Bxe7+ Nxe7 16. Rd1+ Ke8 17. h3 Bh5 18. Rd3 Rf8 19. Nh4 Bg6 20. b3 Bh7 21.
Nc4 Rf4 22. Nf5 Nxf5 23. exf5 Qxf5 24. Rd1 Re4 25. Qd2 Qc8 26. f3 Rf4 27. Nxe5
Rf6 28. Re1 Re6 29. f4 Re7 30. Qd4 Qd8 31. Qa7 Qc8 32. Qc5 Bg8 33. Rd1 Bf7 34.
Qd4 Kf8 35. Qd3 Kg8 36. c4 Be6 37. g4 Bf7 38. Kf2 Be6 39. Kg3 Bf7 40. Qd4 Qe6
41. Nf3 b6 42. Qd8+ Re8 43. Qxc7 Qf6 44. Qxb6 h5 45. Qd4 hxg4 46. Qxf6 gxf6 47.
hxg4 Re2 48. Rd2 Re6 49. f5 1-0

[Event "56th TCh-DEN Ex 2017-18"]
[Site "Denmark DEN"]
[Date "2017.12.17"]
[Round "4.2"]
[Board "1"]
[White "Bromann, Thorbjorn"]
[Black "Haubro, Martin"]
[Result "0-1"]
[WhiteTitle "IM"]
[BlackTitle "IM"]
[WhiteElo "2387"]
[BlackElo "2297"]
[WhiteTeam "Bronshoj"]
[BlackTeam "BMS"]
[WhiteFideId "1403893"]
[BlackFideId "1414291"]
[EventDate "2017.11.18"]

1. d4 Nf6 2. Nc3 d5 3. Bf4 g6 4. e3 a6 5. Nf3 Bg7 6. Be2 Nbd7 7. Ne5 O-O 8. h4
c5 9. h5 Re8 10. hxg6 hxg6 11. Bf3 e6 12. g4 b5 13. Qd2 c4 14. a3 Bb7 15. O-O-O
Ne4 16. Bxe4 dxe4 17. Rh3 Nxe5 18. Bxe5 f6 19. Bg3 g5 20. d5 exd5 21. Nxd5 Qxd5
22. Qxd5+ Bxd5 23. Rxd5 Rad8 24. Rxd8 Rxd8 25. Bc7 Rd5 26. Ba5 f5 27. gxf5 Rxf5
28. Rh2 Kf7 29. b3 Kg6 30. Bb4 c3 31. Rg2 Bf6 32. Bd6 Kh5 33. Bg3 Kg4 34. Rg1
Kf3 35. Rd1 Ke2 36. Rd6 a5 37. Kb1 Be7 38. Re6 Bxa3 39. Rxe4 Bc5 40. b4 Bxb4 41.
Rd4 Bc5 42. Rd8 g4 43. Rb8 Rxf2 44. Rxb5 Rf1+ 45. Ka2 Bb4 0-1

[Event "56th TCh-DEN Ex 2017-18"]
[Site "Denmark DEN"]
[Date "2017.12.17"]
[Round "4.2"]
[Board "2"]
[White "Rostgaard, Tobias Valentin"]
[Black "Aabling-Thomsen, Jakob"]
[Result "0-1"]
[WhiteTitle "FM"]
[BlackTitle "IM"]
[WhiteElo "2335"]
[BlackElo "2360"]
[WhiteTeam "BMS"]
[BlackTeam "Bronshoj"]
[WhiteFideId "1408801"]
[BlackFideId "1407589"]
[EventDate "2017.11.18"]

1. e4 e5 2. Nf3 d5 3. Nc3 d4 4. Ne2 f6 5. c3 d3 6. Ng3 Be6 7. Nxe5 fxe5 8. Qh5+
Bf7 9. Qxe5+ Ne7 10. Qb5+ Nd7 11. Bxd3 c6 12. Qg5 Nc5 13. Qxc5 Qxd3 14. Qe3 Bc4
15. b3 Qxe3+ 16. dxe3 Bd3 17. Bb2 O-O-O 18. O-O-O b5 19. Rd2 c5 20. Rhd1 c4 21.
Ba3 h5 22. h4 Nf5 23. Bxf8 Nxg3 24. Bxg7 Rhg8 25. bxc4 bxc4 26. Bf6 Nxe4 27.
Bxd8 Rxd8 28. Kb2 Rd6 29. f3 Rb6+ 30. Ka3 Nxd2 31. Rxd2 Kc7 32. Rb2 Rg6 33. Rf2
Kd6 34. Kb2 Re6 35. e4 Ke5 36. g3 Rg6 37. Rg2 Rf6 38. g4 Rxf3 39. gxh5 Rh3 40.
Rg4 Be2 41. Rg7 Kxe4 42. Rd7 Ke3 43. Re7+ Kd2 44. Re4 Rf3 45. h6 Rf6 46. h7 Rh6
47. Re7 a5 48. Ra7 Rxh4 49. a4 Bd3 0-1

[Event "56th TCh-DEN Ex 2017-18"]
[Site "Denmark DEN"]
[Date "2017.12.17"]
[Round "4.2"]
[Board "3"]
[White "Carstensen, Jacob"]
[Black "Sahl, Bjarke"]
[Result "1/2-1/2"]
[WhiteTitle "IM"]
[BlackTitle "IM"]
[WhiteElo "2361"]
[BlackElo "2333"]
[WhiteTeam "Bronshoj"]
[BlackTeam "BMS"]
[WhiteFideId "1404180"]
[BlackFideId "1400231"]
[EventDate "2017.11.18"]

1. d4 d5 2. c4 e6 3. Nc3 Be7 4. Bf4 Nf6 5. e3 O-O 6. cxd5 Nxd5 7. Bg3 c5 8. Bd3
Nc6 9. Nge2 cxd4 10. exd4 Bf6 11. Be4 Nde7 12. Qd3 g6 13. Rd1 Nf5 14. Bxf5 exf5
15. O-O a6 16. d5 Ne5 17. Qc2 Qd6 18. Nd4 Bd7 19. Rfe1 Rfe8 20. Kh1 Qc5 21. Ne6
Qd6 22. Nd4 Qc5 23. Ne6 Qd6 1/2-1/2

[Event "56th TCh-DEN Ex 2017-18"]
[Site "Denmark DEN"]
[Date "2017.12.17"]
[Round "4.2"]
[Board "4"]
[White "Seegert, Kristian"]
[Black "Hoi, Carsten"]
[Result "0-1"]
[BlackTitle "GM"]
[WhiteElo "2241"]
[BlackElo "2354"]
[WhiteTeam "BMS"]
[BlackTeam "Bronshoj"]
[WhiteFideId "1405098"]
[BlackFideId "1400100"]
[EventDate "2017.11.18"]

1. e4 g6 2. d4 Bg7 3. Nc3 d6 4. Be3 c6 5. Qd2 b5 6. h4 h5 7. f3 Nf6 8. O-O-O b4
9. Nce2 a5 10. Nf4 Qc7 11. e5 Nd5 12. e6 Bxe6 13. Nxe6 fxe6 14. Bd3 a4 15. Bxg6+
Kd7 16. c4 bxc3 17. bxc3 c5 18. Ne2 Na6 19. dxc5 Nxc5 20. Bd4 Bxd4 21. Qxd4 Rhg8
22. Bxh5 Rxg2 23. Rd2 Rb8 24. Kd1 Rb1+ 25. Nc1 Rxd2+ 26. Qxd2 Ne4 0-1

[Event "56th TCh-DEN Ex 2017-18"]
[Site "Denmark DEN"]
[Date "2017.12.17"]
[Round "4.2"]
[Board "5"]
[White "Palm, Nikolaj"]
[Black "Jacobsen, Mikkel Manosri"]
[Result "0-1"]
[WhiteTitle "FM"]
[BlackTitle "FM"]
[WhiteElo "2319"]
[BlackElo "2162"]
[WhiteTeam "Bronshoj"]
[BlackTeam "BMS"]
[WhiteFideId "1402145"]
[BlackFideId "1444514"]
[EventDate "2017.11.18"]

1. d4 Nf6 2. Nf3 b6 3. e3 Bb7 4. Bd3 c5 5. O-O g6 6. b3 Bg7 7. Bb2 O-O 8. c4
cxd4 9. exd4 d5 10. a3 Nc6 11. Qe2 Nh5 12. Qe3 e5 13. dxe5 d4 14. Qd2 Na5 15.
Qd1 Nxb3 16. Qxb3 Bxf3 17. Bc1 Bxe5 18. Re1 Re8 19. gxf3 Qh4 20. Rxe5 Rxe5 21.
Qd1 Rae8 22. Bd2 Nf4 23. Bf1 Rg5+ 24. Kh1 Qxf2 25. Bh3 Nxh3 26. Bxg5 Re1+ 27.
Qxe1 Qxf3# 0-1

[Event "56th TCh-DEN Ex 2017-18"]
[Site "Denmark DEN"]
[Date "2017.12.17"]
[Round "4.2"]
[Board "6"]
[White "Nielsen, Thomas Bach2"]
[Black "Laursen, Niels Norskov"]
[Result "0-1"]
[BlackTitle "FM"]
[WhiteElo "2146"]
[BlackElo "2304"]
[WhiteTeam "BMS"]
[BlackTeam "Bronshoj"]
[WhiteFideId "1401785"]
[BlackFideId "1404709"]
[EventDate "2017.11.18"]

1. f4 g6 2. Nf3 Bg7 3. g3 c5 4. Bg2 Nc6 5. d3 Nf6 6. O-O O-O 7. e4 d6 8. h3 Rb8
9. g4 b5 10. Be3 Nd7 11. c3 b4 12. d4 bxc3 13. bxc3 cxd4 14. cxd4 Nb6 15. Nbd2
Ba6 16. Re1 Nb4 17. Nb3 Rc8 18. Rc1 Rxc1 19. Nxc1 Qc7 20. Nb3 Nc2 21. Qc1 Rc8
22. Rd1 Be2 23. Bf2 Bxd1 24. Qxd1 Qc3 25. e5 Nd5 26. f5 Nce3 27. Bxe3 Qxe3+ 28.
Kh1 Qf2 29. fxg6 Qxg2+ 0-1